|
|
|
|
| LEADER |
01211nam a2200337 a 4500 |
| 001 |
000606606 |
| 003 |
CZ BrMZK |
| 005 |
20180911122155.0 |
| 008 |
020617s1952 xr f cze d |
| 040 |
|
|
|a BOA001
|b cze
|c BOA001
|
| 043 |
|
|
|a e-cs---
|
| 072 |
|
7 |
|a 37
|x Výchova a vzdělávání
|2 Konspekt
|9 22
|
| 080 |
|
|
|a 394.46:32
|2 MRF
|
| 080 |
|
|
|a 37.014.7
|2 MRF
|
| 080 |
|
|
|a 7.096
|2 MRF
|
| 080 |
|
|
|a (437)
|2 MRF
|
| 080 |
|
|
|a (041)
|2 MRF
|
| 100 |
1 |
|
|a Kanyzová, Anna,
|d 1907-1982
|7 jx20031216002
|4 aut
|
| 245 |
1 |
0 |
|a Deset rozhlasových relací MČSP 1962 /
|c připravila Anna Kanyzová
|
| 246 |
3 |
|
|a 10 rozhlasových relací MČSP 1962
|
| 246 |
3 |
3 |
|a Deset rozhlasových relací Měsíce československo-sovětského přátelství
|
| 260 |
|
|
|a Olomouc :
|b Okresní lidová knihovna,
|c 1952
|
| 300 |
|
|
|a 15 s.
|
| 521 |
|
|
|a Pro MLK
|
| 650 |
0 |
7 |
|a politická výročí
|7 ph115789
|2 czenas
|
| 650 |
0 |
7 |
|a kulturně-výchovná činnost
|7 ph224030
|2 czenas
|
| 650 |
0 |
7 |
|a rozhlasové pořady
|7 ph125251
|z Československo
|2 czenas
|
| 655 |
|
7 |
|a brožury
|7 fd131925
|2 czenas
|
| 910 |
|
|
|a BOA001
|b X-0483.759
|
| 990 |
|
|
|a BK
|
| 996 |
6 |
|
|b 2618953285
|c X-0483.759
|l MZK
|r Sklad / do 24 hodin
|n 0
|w 000606606
|u 000010
|a 1
|e BOA001
|j MZK50
|s P
|